[Event "XVI Carlos Torre Mem"]
[Site "Merida MEX"]
[Date "2003.12.13"]
[Round "2"]
[White "Villegas Corona,R"]
[Black "Martinez Garcia,JoseJ"]
[Result "0-1"]
[WhiteElo "2282"]
[BlackElo "2175"]
[EventDate "2003.12.12"]

1. d4 d5 2. c4 e6 3. Nc3 f5 4. g3 Nf6 5. Bg2 c6 6. Nf3 Bd6 7. O-O O-O 8. b3
Nbd7 9. Bb2 f4 10. Ng5 Re8 11. e4 dxe4 12. Ncxe4 Nxe4 13. Nxe4 Nf6 14. Nxd6
Qxd6 15. Qc2 Bd7 16. Rfe1 Rad8 17. Re5 fxg3 18. hxg3 Ng4 19. Rg5 e5 20.
dxe5 Qh6 21. Qc1 Be6 22. Ba3 Qh2+ 23. Kf1 h6 24. Rg6 Bf5 25. Rxg4 Bd3+ 26.
Ke1 Rxe5+ 27. Kd2 Qxg2 28. Kc3 Bf5 29. Rf4 Rd3+ 30. Kb4 c5+ 0-1

[Event "XVI Carlos Torre Mem"]
[Site "Merida MEX"]
[Date "2003.12.13"]
[Round "2"]
[White "Berry,J"]
[Black "Charpenel Elorduy,M"]
[Result "1-0"]
[WhiteElo "2269"]
[BlackElo "2138"]
[EventDate "2003.12.12"]

1. c4 Nf6 2. g3 g6 3. Bg2 Bg7 4. Nc3 d6 5. d3 O-O 6. e4 c6 7. Nge2 Nbd7 8.
O-O e5 9. h3 Nh5 10. g4 Nhf6 11. f4 exf4 12. Bxf4 Ne5 13. c5 g5 14. Bxg5
dxc5 15. Qd2 Qd6 16. Rad1 b6 17. Qf4 Nfd7 18. Kh1 Qe6 19. Qg3 Ba6 20. Rf5
Rae8 21. b3 Ng6 22. h4 Ne7 23. d4 Bxe2 24. Nxe2 cxd4 25. Nxd4 Bxd4 26. Rxd4
Ng6 27. Rd6 1-0

[Event "XVI Carlos Torre Mem"]
[Site "Merida MEX"]
[Date "2003.12.14"]
[Round "3"]
[White "Luther,T"]
[Black "Aldama,D"]
[Result "1-0"]
[WhiteElo "2580"]
[BlackElo "2447"]
[EventDate "2003.12.12"]

1. e4 c5 2. Nf3 e6 3. d4 cxd4 4. Nxd4 a6 5. Bd3 Nf6 6. O-O d6 7. c4 g6 8.
Nc3 Bg7 9. Nf3 O-O 10. Bf4 Nh5 11. Bg5 Bf6 12. Be3 Bxc3 13. bxc3 e5 14. c5
Nc6 15. Bc4 dxc5 16. Bxc5 Re8 17. Qxd8 Nxd8 18. Bd5 Nf4 19. c4 Bg4 20. Nd2
Rc8 21. Bb6 Nc6 22. f3 Bd7 23. Rfb1 Kg7 24. a4 h5 25. h4 f6 26. a5 g5 27.
hxg5 fxg5 28. Be3 Rc7 29. Bb6 Rcc8 30. g3 Nh3+ 31. Kg2 h4 32. Rh1 hxg3 33.
Rxh3 Bxh3+ 34. Kxh3 Rh8+ 35. Kxg3 Rh6 36. Rg1 Rch8 37. Nf1 Nd4 38. Kf2 Rg6
39. Ne3 Rh2+ 40. Rg2 Rxg2+ 41. Kxg2 Nc6 42. Ng4 Kf8 43. Bxc6 Rxc6 44. Nxe5
Re6 45. Nd7+ Kg7 46. Nc5 Rc6 47. Kg3 Kg6 48. Kg4 Kf6 49. Nxb7 Rxc4 50. Nc5
Rc2 51. Nxa6 Rg2+ 52. Kh3 Ra2 53. Nc7 Ke5 54. Kg3 g4 55. Kxg4 1-0

[Event "XVI Carlos Torre Mem"]
[Site "Merida MEX"]
[Date "2003.12.14"]
[Round "3"]
[White "Hernandez,Gi"]
[Black "Perez,Lu"]
[Result "1/2-1/2"]
[WhiteElo "2538"]
[BlackElo "2427"]
[EventDate "2003.12.12"]

1. e4 e5 2. Nf3 d6 3. d4 exd4 4. Qxd4 a6 5. Bf4 Nc6 6. Qe3 Nf6 7. Nc3 Be7
8. h3 O-O 9. O-O-O Be6 10. g4 Nd7 11. g5 Nce5 12. h4 Bg4 13. Be2 Bxf3 14.
Bxf3 c6 15. Be2 b5 16. Bxe5 Nxe5 17. f4 Nd7 18. Bg4 Nb6 19. Qd4 Re8 20. h5
Bf8 21. g6 fxg6 22. hxg6 h6 23. Rh5 Qf6 24. Qxf6 gxf6 25. Bf5 Rad8 26. Re1
d5 27. Rhh1 b4 28. Nd1 1/2-1/2

[Event "XVI Carlos Torre Mem"]
[Site "Merida MEX"]
[Date "2003.12.14"]
[Round "3"]
[White "Garmendez,F"]
[Black "Gonzalez Zamora,J"]
[Result "1/2-1/2"]
[WhiteElo "2391"]
[BlackElo "2473"]
[EventDate "2003.12.12"]

1. e4 c5 2. Nf3 d6 3. Bb5+ Nd7 4. c4 Ngf6 5. Nc3 a6 6. Ba4 g6 7. O-O Bg7 8.
Re1 O-O 9. h3 Ne5 10. d3 Nfd7 11. Nh2 Nb6 12. Bb3 Nc6 13. Nd5 e6 14. Nxb6
Qxb6 15. Ng4 h5 16. Nh2 Bd7 17. Nf3 Qc7 18. Rb1 Nd4 19. Nxd4 Bxd4 20. Bh6
Bg7 21. Qd2 e5 22. Bd1 Kh7 23. Bxg7 Kxg7 24. Bxh5 gxh5 25. Qg5+ Kh7 26.
Qxh5+ Kg7 27. Qg5+ Kh7 28. Qh5+ Kg7 29. Qg5+ Kh7 30. Re3 Qd8 31. Qh5+ Kg7
32. Rg3+ Kf6 33. b4 cxb4 34. Rxb4 b5 35. d4 Ke7 36. dxe5 1/2-1/2

[Event "XVI Carlos Torre Mem"]
[Site "Merida MEX"]
[Date "2003.12.14"]
[Round "3"]
[White "Ramirez,Al"]
[Black "Hernandez,Hol"]
[Result "1-0"]
[WhiteElo "2483"]
[BlackElo "2419"]
[EventDate "2003.12.12"]

1. d4 Nf6 2. c4 e6 3. Nc3 Bb4 4. e3 O-O 5. Nf3 d5 6. Bd3 c5 7. O-O Nc6 8.
a3 Bxc3 9. bxc3 dxc4 10. Bxc4 Qc7 11. Bb2 e5 12. h3 Bf5 13. Qe2 Rad8 14.
Ba2 Be4 15. Nd2 exd4 16. Nxe4 Nxe4 17. cxd4 cxd4 18. exd4 Nd6 19. d5 Ne7
20. Rac1 Qd7 21. Qe5 f6 22. Qe6+ Rf7 23. Rfe1 Ng6 24. Bd4 b6 25. Rc6 Nf4
26. Qg4 Qxg4 27. hxg4 Rfd7 28. g3 Ng6 29. a4 Nb7 30. Bc3 Kh8 31. Rce6 Nd6
32. f4 Kg8 33. Bb4 Nf8 34. Re7 a5 35. Ba3 Ng6 36. Rxd7 Rxd7 37. Re6 Nb7 38.
f5 Nf8 39. d6 1-0

[Event "XVI Carlos Torre Mem"]
[Site "Merida MEX"]
[Date "2003.12.14"]
[Round "3"]
[White "Zapata,A"]
[Black "Hernandez,Rom"]
[Result "1/2-1/2"]
[WhiteElo "2472"]
[BlackElo "2414"]
[EventDate "2003.12.12"]

1. e4 e5 2. Nf3 Nc6 3. Bb5 a6 4. Bxc6 dxc6 5. O-O Qd6 6. d4 exd4 7. Nxd4
Bd7 8. Be3 c5 9. Nb3 Qxd1 10. Rxd1 b6 11. Nc3 Ne7 12. a4 a5 13. Rd2 Ng6 14.
Rad1 Bd6 15. f4 O-O-O 16. Nd5 Rhe8 17. Nxb6+ 1/2-1/2

[Event "XVI Carlos Torre Mem"]
[Site "Merida MEX"]
[Date "2003.12.14"]
[Round "3"]
[White "Dominguez Aguilar,G"]
[Black "Quezada,Y"]
[Result "0-1"]
[WhiteElo "2289"]
[BlackElo "2475"]
[EventDate "2003.12.12"]

1. e4 c5 2. Nf3 d6 3. d4 cxd4 4. Nxd4 Nf6 5. Nc3 a6 6. f3 e5 7. Nb3 Be7 8.
Be3 Be6 9. Qd2 O-O 10. O-O-O Nbd7 11. g4 Qc7 12. h4 Rfc8 13. g5 Nh5 14. Bh3
a5 15. Nd5 Bxd5 16. exd5 a4 17. Na1 a3 18. b3 g6 19. Kb1 b5 20. Qb4 Bf8 21.
Bc1 e4 22. Bxa3 Bg7 23. Bb2 Bxb2 24. Kxb2 exf3 25. Rhe1 Qa7 26. a3 Rc7 27.
Bxd7 Rxd7 28. Rf1 f2 29. Rd4 Ng3 30. Rxf2 Nf5 31. Rdf4 Ne3 32. Rd2 Rb7 33.
Qxd6 Rd7 34. Qb4 Nxd5 35. Rxd5 Rxd5 36. Re4 Rd1 37. c4 Qf2+ 38. Nc2 Rd2 39.
Qc3 b4 0-1

[Event "XVI Carlos Torre Mem"]
[Site "Merida MEX"]
[Date "2003.12.14"]
[Round "3"]
[White "Norgaard,J"]
[Black "Espinosa,Ra MEX"]
[Result "0-1"]
[WhiteElo "2406"]
[BlackElo "2415"]
[EventDate "2003.12.12"]

1. e4 c5 2. Nf3 Nc6 3. d4 cxd4 4. Nxd4 e5 5. Nb5 d6 6. c4 Be7 7. N1c3 a6 8.
Na3 Be6 9. Be2 Bg5 10. O-O h6 11. Nc2 Nge7 12. Be3 Bxe3 13. fxe3 O-O 14. b3
Rc8 15. Qd2 Qa5 16. Rfd1 Rfd8 17. Rac1 Kf8 18. Ne1 Rb8 19. Nd3 b5 20. cxb5
axb5 21. Nf2 Na7 22. Rc2 Qb6 23. Bg4 Rbc8 24. Rdc1 b4 25. Nd5 Rxc2 26. Rxc2
Nxd5 27. exd5 Bxg4 28. Nxg4 Rc8 29. Rxc8+ Nxc8 30. Nf2 Ne7 31. e4 Qc5 32.
Kf1 f5 33. Ke2 fxe4 34. Nxe4 Qg1 35. Qxb4 Qxg2+ 36. Kd3 Qf3+ 37. Kd2 Qg2+
38. Kd3 Qf1+ 39. Kd2 Qf4+ 40. Kd3 Nf5 41. Qb8+ Kf7 42. Qa7+ Kg6 43. Qg1+
Kh7 44. Qf2 Qg4 45. Nd2 Ne7 46. Ne4 Nxd5 47. Nxd6 Nf4+ 48. Kd2 Qg6 49. Nc4
Qd3+ 50. Kc1 Qxc4+ 51. bxc4 Nd3+ 52. Kd2 Nxf2 53. Ke3 Nd1+ 54. Ke4 Nc3+ 55.
Kxe5 Nxa2 56. c5 Nb4 57. Kf5 g6+ 58. Kf6 Na6 0-1

[Event "XVI Carlos Torre Mem"]
[Site "Merida MEX"]
[Date "2003.12.15"]
[Round "4"]
[White "Quezada,Y"]
[Black "Garmendez,F"]
[Result "1-0"]
[WhiteElo "2475"]
[BlackElo "2391"]
[EventDate "2003.12.12"]

1. e4 e6 2. d4 d5 3. Nc3 Nf6 4. e5 Nfd7 5. f4 c5 6. Nf3 Nc6 7. Be3 a6 8.
Qd2 b5 9. dxc5 Bxc5 10. Bxc5 Nxc5 11. Qf2 Qb6 12. b4 Nd7 13. a4 bxa4 14.
Qxb6 Nxb6 15. Nxa4 Nxa4 16. Rxa4 Bb7 17. Bd3 Rc8 18. Kd2 O-O 19. Rb1 Nb8
20. Nd4 g6 21. Ra2 Nc6 22. Nf3 f6 23. Bxa6 Bxa6 24. Rxa6 fxe5 25. fxe5 Rf4
26. c3 g5 27. b5 g4 28. Rxc6 Rxc6 29. bxc6 gxf3 30. gxf3 Rc4 31. Rb8+ Kf7
32. Rc8 Ke7 33. c7 Kd7 34. Rd8+ Kxc7 35. Rd6 Rf4 36. Ke3 Rc4 37. Rxe6 Rxc3+
38. Kf4 Rc2 39. Re7+ Kc6 40. Rxh7 Re2 41. Rh8 Kc5 42. Kf5 d4 43. Rd8 Rxh2
44. e6 Rh5+ 45. Kg6 Re5 46. Kf6 Re3 47. f4 d3 48. e7 Kc4 49. e8=Q 1-0

[Event "XVI Carlos Torre Mem"]
[Site "Merida MEX"]
[Date "2003.12.15"]
[Round "4"]
[White "Espinosa,Ra MEX"]
[Black "Zapata,A"]
[Result "1-0"]
[WhiteElo "2415"]
[BlackElo "2472"]
[EventDate "2003.12.12"]

1. e4 c5 2. c3 Nf6 3. e5 Nd5 4. d4 cxd4 5. Nf3 e6 6. cxd4 d6 7. Bc4 Be7 8.
O-O O-O 9. Qe2 Nc6 10. Rd1 Nb6 11. Bb3 a5 12. Nc3 d5 13. a3 Bd7 14. Bc2 a4
15. Qd3 g6 16. Bh6 Re8 17. Qe3 f5 18. Qf4 Nc4 19. Nxa4 Rxa4 20. Bxa4 Nxb2
21. Bxc6 Bxc6 22. Rdb1 Nc4 23. Bg5 Bxg5 24. Nxg5 h6 25. Nf3 Kh7 26. h4 Qe7
27. a4 Ra8 28. a5 Kg7 29. Qc1 Qd8 30. Qc3 Rxa5 31. Rxa5 Nxa5 32. Nd2 Kf7
33. Ra1 Nc4 34. g3 g5 35. Nf3 Kg6 36. hxg5 hxg5 37. Kg2 g4 38. Ne1 Qg5 39.
Nd3 Qd2 40. Qxd2 Nxd2 41. Nc5 f4 42. gxf4 Nf3 43. Kg3 Nxd4 44. Kxg4 Bb5 45.
Ra2 Be2+ 46. Rxe2 Nxe2 47. Nxe6 b5 48. f5+ Kf7 49. Nc7 b4 50. e6+ 1-0

[Event "XVI Carlos Torre Mem"]
[Site "Merida MEX"]
[Date "2003.12.15"]
[Round "4"]
[White "Perez,Lu"]
[Black "Leon Hoyos,M"]
[Result "1-0"]
[WhiteElo "2427"]
[BlackElo "2303"]
[EventDate "2003.12.12"]

1. e4 c5 2. Nf3 g6 3. d4 Bg7 4. dxc5 Qa5+ 5. c3 Qxc5 6. Na3 d6 7. Be3 Qa5
8. Qb3 Nf6 9. Bb5+ Nbd7 10. e5 dxe5 11. Ng5 e6 12. Nxe6 fxe6 13. Qxe6+ Kd8
14. O-O-O Re8 15. Qb3 Bf8 16. Nc4 Qc7 17. Rd3 Re6 18. Rhd1 Ke7 19. Bxd7
Bxd7 20. Bg5 Bc6 21. Rd6 Qc8 22. Nxe5 Bh6 23. Nxc6+ bxc6 24. Rxe6+ Qxe6 25.
Qb7+ 1-0

[Event "XVI Carlos Torre Mem"]
[Site "Merida MEX"]
[Date "2003.12.15"]
[Round "4"]
[White "Gonzalez Garcia,J"]
[Black "Ocampo,R ARG"]
[Result "1-0"]
[WhiteElo "2449"]
[BlackElo "2315"]
[EventDate "2003.12.12"]

1. d4 Nf6 2. c4 c5 3. d5 g6 4. Nc3 Bg7 5. e4 d6 6. Bd3 O-O 7. Nge2 e6 8.
O-O Na6 9. h3 Nc7 10. Ng3 exd5 11. cxd5 Rb8 12. a4 a6 13. Qe2 Re8 14. Bg5
h6 15. Be3 Bd7 16. Qd2 Kh7 17. Bf4 Bf8 18. Rfe1 b5 19. axb5 axb5 20. b4
cxb4 21. Na2 Ra8 22. Nxb4 Rxa1 23. Rxa1 Bg7 24. Ra7 Qb8 25. Qa2 Na8 26. Nc6
Qc8 27. Bxb5 Nc7 28. Bd3 Nfxd5 29. exd5 Bxc6 30. dxc6 Re1+ 31. Kh2 Ra1 32.
Qxf7 Rxa7 33. Qxg6+ Kg8 34. Qh7+ Kf8 35. Bxd6+ 1-0

[Event "XVI Carlos Torre Mem"]
[Site "Merida MEX"]
[Date "2003.12.15"]
[Round "4"]
[White "Aldama,D"]
[Black "Estrada Nieto,J"]
[Result "1-0"]
[WhiteElo "2447"]
[BlackElo "2290"]
[EventDate "2003.12.12"]

1. e4 e5 2. Nf3 Nc6 3. Bb5 a6 4. Ba4 Nf6 5. d3 b5 6. Bb3 Be7 7. O-O d6 8.
c3 O-O 9. Nbd2 Na5 10. Bc2 c5 11. d4 Qc7 12. Re1 Rd8 13. h3 cxd4 14. cxd4
Nc6 15. d5 Nb4 16. Bb1 a5 17. a3 Na6 18. b4 Bd7 19. Qb3 Nh5 20. Nf1 Nf4 21.
Bd2 Rdc8 22. Ra2 axb4 23. axb4 Qc4 24. Qb2 Nd3 25. Bxd3 Qxd3 26. Ng3 Nc7
27. Re3 Rxa2 28. Qxa2 Qc4 29. Qb2 Nxd5 30. exd5 Qxd5 31. Rc3 Rxc3 32. Qxc3
Bd8 33. Qc2 g6 34. Qe4 Bc6 35. Qg4 Be7 36. Nf5 Bf8 37. Nh6+ Kg7 38. Qc8 Bb7
39. Qd8 f5 40. Nxf5+ gxf5 41. Bh6+ 1-0

[Event "XVI Carlos Torre Mem"]
[Site "Merida MEX"]
[Date "2003.12.14"]
[Round "3"]
[White "Garmendez Gonzalez,C"]
[Black "Blanco Fernandez,A"]
[Result "0-1"]
[WhiteElo "2242"]
[BlackElo "2390"]
[EventDate "2003.12.12"]

1. Nf3 Nf6 2. g3 g6 3. Bg2 Bg7 4. O-O O-O 5. d3 d6 6. Nc3 c5 7. Bg5 Nc6 8.
Qc1 Re8 9. e4 Rb8 10. Nd5 e6 11. Nxf6+ Bxf6 12. c3 Bxg5 13. Nxg5 f6 14. Nf3
e5 15. Qe3 Qe7 16. Nd2 b5 17. f4 a5 18. Rf2 Rf8 19. Raf1 Kg7 20. h3 Be6 21.
a3 b4 22. axb4 axb4 23. g4 bxc3 24. bxc3 Bg8 25. h4 exf4 26. Rxf4 Qe5 27.
Rc1 d5 28. Nf3 Qd6 29. g5 dxe4 30. gxf6+ Rxf6 31. Rxf6 Qxf6 32. dxe4 Ne5
33. h5 gxh5 34. Qg5+ Qxg5 35. Nxg5 Rb2 36. Nf3 Ng4 37. Nh4 Kf6 38. Nf3 Bc4
39. e5+ Nxe5 40. Nxe5 Kxe5 41. Re1+ Re2 42. Ra1 Bd5 43. Bf1 Rc2 44. Ra3 c4
45. Ra7 Rxc3 46. Rxh7 Bf3 47. Rc7 Kd4 48. Rd7+ Ke3 49. Rc7 Rc1 50. Rc8 c3
51. Rc7 Be4 52. Re7 c2 0-1

[Event "XVI Carlos Torre Mem"]
[Site "Merida MEX"]
[Date "2003.12.14"]
[Round "3"]
[White "Ibarra Chami,L"]
[Black "Gonzalez Garcia,J"]
[Result "0-1"]
[WhiteElo "2091"]
[BlackElo "2449"]
[EventDate "2003.12.12"]

1. e4 c5 2. d3 Nc6 3. Nc3 g6 4. Be3 d6 5. g3 Bg7 6. Bg2 Nh6 7. h3 f5 8. Qd2
Nf7 9. f4 Bd7 10. Nf3 Nd4 11. Nd1 Bc6 12. c3 Nxf3+ 13. Bxf3 O-O 14. O-O Rc8
15. Bg2 b6 16. Nf2 d5 17. Qe2 Qd7 18. Rfd1 Ba4 19. b3 Bc6 20. Rac1 dxe4 21.
dxe4 Qb7 22. Qc4 Kh8 23. Qe6 Nd6 24. e5 Bxg2 25. exd6 exd6 26. Qxd6 Rfe8
27. Rd3 Bf3 28. Rc2 Bc6 29. Bd2 Qf7 30. Re3 Ba8 31. Qd3 Qb7 32. Qf1 Rxe3
33. Bxe3 Qf3 0-1

[Event "XVI Carlos Torre Mem"]
[Site "Merida MEX"]
[Date "2003.12.14"]
[Round "3"]
[White "Escobedo Tinajero,A"]
[Black "Hernandez,Ya"]
[Result "1-0"]
[WhiteElo "2366"]
[BlackElo "2250"]
[EventDate "2003.12.12"]

1. d4 Nf6 2. c4 g6 3. Nc3 Bg7 4. e4 d6 5. f3 O-O 6. Be3 b6 7. Bd3 c5 8. e5
Ne8 9. Be4 Nc7 10. Bxa8 Nxa8 11. d5 Bxe5 12. Nge2 Nc7 13. O-O f5 14. f4 Bg7
15. Qd3 Nd7 16. Rae1 Nf6 17. Bf2 Bd7 18. Bh4 Re8 19. b3 b5 20. cxb5 Qa8 21.
Bxf6 Bxf6 22. a4 Qb7 23. Rb1 Qb6 24. Kh1 Qa5 25. Qc4 Qb4 26. Na2 Qa5 27.
Nec3 Rc8 28. Rfc1 a6 29. b4 axb5 30. bxa5 bxc4 31. Rb7 Be8 32. Rcb1 Bf7 33.
Rb8 Rxb8 34. Rxb8+ Kg7 35. Rb7 Nxd5 36. a6 Nxc3 37. Nxc3 Bxc3 38. a7 Bd5
39. a8=Q Bxb7 40. Qxb7 Kf6 41. Qd5 1-0

[Event "XVI Carlos Torre Mem"]
[Site "Merida MEX"]
[Date "2003.12.14"]
[Round "3"]
[White "Baltazar,R"]
[Black "Russek,G"]
[Result "1/2-1/2"]
[WhiteElo "2224"]
[BlackElo "2365"]
[EventDate "2003.12.12"]

1. d4 e6 2. Nf3 d5 3. e3 c5 4. Bd3 Nf6 5. O-O Nc6 6. b3 Bd6 7. Bb2 b6 8.
Ne5 Bb7 9. f4 O-O 10. a3 Ne7 11. Nd2 Ne4 12. Rf3 f6 13. Ng4 Qe8 14. Rh3 f5
15. Nf2 cxd4 16. Bxd4 Nc6 17. Bb2 Nxf2 18. Kxf2 e5 19. g3 Rd8 20. Be2 a5
21. Bh5 Qe7 22. Nf3 e4 23. Nd4 Nxd4 24. Qxd4 Bc5 25. Qe5 h6 26. c3 Bd6 27.
Qd4 Bc5 28. Qe5 Bd6 29. Qd4 Bc5 30. Qe5 1/2-1/2

[Event "XVI Carlos Torre Mem"]
[Site "Merida MEX"]
[Date "2003.12.14"]
[Round "3"]
[White "Watanabe,A"]
[Black "Predescu,S CAN"]
[Result "1/2-1/2"]
[WhiteElo "2358"]
[BlackElo "2196"]
[EventDate "2003.12.12"]

1. d4 Nf6 2. c4 g6 3. Nc3 Bg7 4. e4 d6 5. Nf3 O-O 6. Be2 e5 7. Be3 Na6 8.
O-O Ng4 9. Bg5 Qe8 10. dxe5 dxe5 11. Nd2 h6 12. Bxg4 hxg5 13. Bxc8 Rxc8 14.
Qg4 f6 15. Rad1 c6 16. a3 Nc5 17. b4 Ne6 18. c5 Qe7 19. Nc4 Nd4 20. Ne2 f5
21. exf5 gxf5 22. Qh5 Qe8 23. Ng3 Qxh5 24. Nxh5 Bh8 25. Ng3 Kh7 26. Rfe1 e4
27. f3 exf3 28. Re7+ Kg6 29. gxf3 Rce8 30. Rxb7 f4 31. Nf1 Nxf3+ 32. Kh1
Re2 33. Rd6+ Bf6 34. Ncd2 Ne5 35. b5 Rc8 36. b6 axb6 37. cxb6 Ra8 38. Rc7
Ng4 39. Rcxc6 Nf2+ 40. Kg1 Nh3+ 41. Kh1 Nf2+ 42. Kg1 Nh3+ 1/2-1/2

[Event "XVI Carlos Torre Mem"]
[Site "Merida MEX"]
[Date "2003.12.14"]
[Round "3"]
[White "Hernandez,G MEX"]
[Black "De Winter,W"]
[Result "1-0"]
[WhiteElo "2311"]
[BlackElo "2163"]
[EventDate "2003.12.12"]

1. e4 c5 2. c3 Nf6 3. e5 Nd5 4. d4 cxd4 5. cxd4 e6 6. Nf3 Nc6 7. Nc3 Nxc3
8. bxc3 d6 9. exd6 Bxd6 10. Bd3 Bd7 11. O-O Qc7 12. Re1 h6 13. d5 Ne7 14.
dxe6 Bxe6 15. Nd4 O-O 16. Nxe6 fxe6 17. Rxe6 Bxh2+ 18. Kh1 Rad8 19. Bxh6
Qxc3 20. Rxe7 Rxd3 21. Qb3+ Qxb3 22. Rxg7+ Kh8 23. axb3 Be5 24. Rxb7 Bxa1
25. Bxf8 Bd4 26. f3 Kg8 27. Be7 Bf2 28. Kh2 Rc3 29. b4 Bb6 30. Bc5 Bxc5 31.
bxc5 a5 32. Rc7 a4 33. Ra7 a3 34. c6 Rxc6 35. Rxa3 Kg7 36. g4 Rc1 37. Kg3
Kg6 38. Ra6+ Kg7 39. f4 1-0

[Event "XVI Carlos Torre Mem"]
[Site "Merida MEX"]
[Date "2003.12.14"]
[Round "3"]
[White "Martinez Garcia,JoseJ"]
[Black "Ocampo,R ARG"]
[Result "0-1"]
[WhiteElo "2175"]
[BlackElo "2315"]
[EventDate "2003.12.12"]

1. d4 Nf6 2. c4 c5 3. d5 b5 4. cxb5 a6 5. bxa6 g6 6. Nc3 Bxa6 7. Nf3 d6 8.
g3 Nbd7 9. Bg2 Nb6 10. O-O Bg7 11. Re1 O-O 12. e4 Qd7 13. Rb1 Ng4 14. h3
Ne5 15. Nxe5 Bxe5 16. h4 Nc4 17. Bf1 Bg7 18. Na4 Rfb8 19. b3 Ne5 20. Bxa6
Rxa6 21. Bb2 Qh3 22. Bxe5 Bxe5 23. Qd3 Raa8 24. Nc3 Ra3 25. Re2 c4 26. Qxc4
Rc8 27. Qb4 Rxc3 28. Qxa3 Bd4 0-1

[Event "XVI Carlos Torre Mem"]
[Site "Merida MEX"]
[Date "2003.12.14"]
[Round "3"]
[White "Huerta,R"]
[Black "Lopez,Man MEX"]
[Result "1-0"]
[WhiteElo "2288"]
[BlackElo "2086"]
[EventDate "2003.12.12"]

1. d4 Nf6 2. c3 d5 3. Bf4 Nbd7 4. e3 e6 5. Nd2 c5 6. Bd3 Be7 7. Bg3 Qb6 8.
Rb1 Bd6 9. Bxd6 Qxd6 10. f4 b6 11. Ngf3 Bb7 12. Ne5 O-O 13. Qf3 a6 14. g4
Ne8 15. Qh3 Ndf6 16. Qf3 Nd7 17. Qh3 Ndf6 18. Qg2 cxd4 19. exd4 Qc7 20. g5
Nd7 21. Qh3 g6 22. O-O f5 23. gxf6 Rxf6 24. Ndf3 Ng7 25. Ng5 Nf8 26. Ng4
Rxf4 1-0

[Event "XVI Carlos Torre Mem"]
[Site "Merida MEX"]
[Date "2003.12.14"]
[Round "3"]
[White "Baldursson,Hr"]
[Black "Alford,J"]
[Result "0-1"]
[WhiteElo "2126"]
[BlackElo "2277"]
[EventDate "2003.12.12"]

1. e4 c5 2. Nf3 d6 3. d4 cxd4 4. c3 Nf6 5. Qxd4 Nc6 6. Bb5 Bd7 7. Qd3 g6 8.
Bg5 Bg7 9. Na3 O-O 10. Rd1 a6 11. Bc4 b5 12. Bb3 b4 13. cxb4 Nxb4 14. Qc4
Qb6 15. Qe2 Qb7 16. O-O Bc6 17. Bxf6 Bxf6 18. Rfe1 a5 19. Nd4 Bd7 20. Nab5
Rab8 21. Nc3 a4 22. Bc4 Nc6 23. Nxc6 Bxc6 24. Rd2 a3 25. Nd1 axb2 26. Nxb2
Bxb2 27. Rb1 Bxe4 28. Rdxb2 Bxb1 29. Rxb7 Rxb7 30. h3 e6 31. Bb3 Ra8 32. h4
h5 33. g4 hxg4 34. Qxg4 Bxa2 35. Bc2 Bd5 36. Qd4 Ra2 37. Bd3 Rbb2 38. h5
Rxf2 39. Bf1 Rh2 40. Be2 Raxe2 41. Kf1 Reg2 0-1

[Event "XVI Carlos Torre Mem"]
[Site "Merida MEX"]
[Date "2003.12.14"]
[Round "3"]
[White "Navarro,R"]
[Black "Castillo Delgado,M"]
[Result "1-0"]
[WhiteElo "2258"]
[BlackElo "1952"]
[EventDate "2003.12.12"]

1. e4 c5 2. Nf3 d6 3. d4 cxd4 4. Nxd4 Nf6 5. Nc3 a6 6. f3 e6 7. Be3 b5 8.
Qd2 Nbd7 9. O-O-O Bb7 10. g4 Nb6 11. Kb1 Rc8 12. Qf2 d5 13. Nxe6 fxe6 14.
Bxb6 Qd6 15. Ba5 b4 16. Na4 Qc6 17. b3 dxe4 18. Bc4 Nd7 19. fxe4 Ne5 20.
Rhf1 Be7 21. Nb6 Rf8 22. Qd4 Nxc4 23. Nxc4 Rf6 24. g5 Rxf1 25. Rxf1 Qxe4
26. Qxg7 Qg6 27. Qh8+ 1-0

[Event "XVI Carlos Torre Mem"]
[Site "Merida MEX"]
[Date "2003.12.16"]
[Round "5"]
[White "Perez,Lu"]
[Black "Milov,V"]
[Result "0-1"]
[WhiteElo "2427"]
[BlackElo "2574"]
[EventDate "2003.12.12"]

1. e4 c5 2. Nf3 e6 3. d4 cxd4 4. Nxd4 a6 5. Bd3 Bc5 6. c3 d6 7. Qg4 g6 8.
Qg3 e5 9. Nb3 Ba7 10. O-O Nf6 11. c4 Be6 12. Nc3 Nbd7 13. Nd5 Nh5 14. Qf3
O-O 15. Bh6 Re8 16. Bd2 Rc8 17. Ba5 Qg5 18. Bd2 Qg4 19. Qxg4 Bxg4 20. Rfc1
Kg7 21. Rc2 Be6 22. Rac1 f5 23. exf5 gxf5 24. Be2 Nhf6 25. Nxf6 Nxf6 26.
Kf1 f4 27. Be1 Red8 28. f3 Bf5 29. Rc3 d5 30. cxd5 Nxd5 31. Rxc8 Ne3+ 32.
Kg1 Rxc8 33. Bf2 Rxc1+ 34. Nxc1 Kf6 35. Bd3 Bd4 36. b3 h5 37. g3 fxg3 38.
hxg3 Bxd3 39. Nxd3 Kf5 40. Bxe3 Bxe3+ 41. Kg2 e4 42. Ne1 b5 43. Nc2 Bc5 44.
Ne1 Ke5 45. Nc2 a5 46. f4+ Kf5 47. a4 b4 48. Ne1 Kg4 49. Nc2 e3 50. Ne1 e2
51. Nc2 h4 52. gxh4 Kxf4 53. h5 Ke4 54. h6 Bd4 55. h7 Bh8 0-1

[Event "XVI Carlos Torre Mem"]
[Site "Merida MEX"]
[Date "2003.12.16"]
[Round "5"]
[White "Luther,T"]
[Black "Espinosa,Ra MEX"]
[Result "1-0"]
[WhiteElo "2580"]
[BlackElo "2415"]
[EventDate "2003.12.12"]

1. d4 Nf6 2. Nf3 e6 3. c4 c5 4. Nc3 cxd4 5. Nxd4 Bb4 6. g3 Ne4 7. Qd3 Qa5
8. Nb3 Nxc3 9. Bd2 Ne4 10. Qxe4 Bxd2+ 11. Nxd2 O-O 12. Bg2 Nc6 13. a3 Rd8
14. Qe3 d5 15. O-O d4 16. Qd3 Ne5 17. Qc2 Qc7 18. Qe4 d3 19. exd3 Nxd3 20.
Nf3 Nc5 21. Qe3 a5 22. Ne5 a4 23. Nc6 bxc6 24. Qxc5 Bb7 25. Rfd1 h6 26. h4
Ra5 27. Qb4 Raa8 28. c5 Rdb8 29. Rd6 Ra5 30. Rad1 Ba6 31. Qxb8+ Qxb8 32.
Rd8+ Qxd8 33. Rxd8+ Kh7 34. Ra8 Rxc5 35. Rxa6 Rc1+ 36. Bf1 c5 37. Rxa4 Rb1
38. Rc4 Rxb2 39. Rxc5 Ra2 40. Rc3 1-0

[Event "XVI Carlos Torre Mem"]
[Site "Merida MEX"]
[Date "2003.12.16"]
[Round "5"]
[White "Hernandez,Gi"]
[Black "Hernandez,Hol"]
[Result "1/2-1/2"]
[WhiteElo "2538"]
[BlackElo "2419"]
[EventDate "2003.12.12"]

1. e4 c5 2. Nf3 Nc6 3. d4 cxd4 4. Nxd4 Qc7 5. Nc3 e6 6. Be2 a6 7. O-O Nf6
8. Kh1 Bb4 9. Bg5 Bxc3 10. Bxf6 Bxd4 11. Bxd4 Nxd4 12. Qxd4 O-O 13. c4 e5
14. Qd5 b6 15. Rad1 Bb7 16. Qxd7 Qxd7 17. Rxd7 Bxe4 18. Rfd1 a5 19. R1d6
Rab8 20. Kg1 Bb1 21. a3 Rfc8 22. Re7 Ba2 23. g3 Rd8 24. Rxd8+ Rxd8 25. Rxe5
f6 26. Rb5 Rd2 27. Bf3 Bxc4 28. Rxb6 a4 29. Rb4 Bb3 30. Bc6 Rxb2 31. Bxa4
Rb1+ 32. Kg2 Bd5+ 33. f3 Ra1 34. Bb3 Bxb3 35. Rxb3 Ra2+ 36. Kh3 h5 37. g4
g5 38. gxh5 Kg7 39. Kg4 Rxh2 40. Kf5 Rh3 41. a4 Rh4 42. a5 Ra4 43. h6+
1/2-1/2

[Event "XVI Carlos Torre Mem"]
[Site "Merida MEX"]
[Date "2003.12.16"]
[Round "5"]
[White "Ramirez,Al"]
[Black "Hernandez,Rom"]
[Result "1-0"]
[WhiteElo "2483"]
[BlackElo "2414"]
[EventDate "2003.12.12"]

1. e4 e5 2. Nf3 Nc6 3. Bb5 a6 4. Bxc6 dxc6 5. O-O Qd6 6. Na3 b5 7. c3 c5 8.
Nc2 Bd7 9. Re1 Ne7 10. b3 Ng6 11. Bb2 Qf6 12. Ne3 Bd6 13. d4 c6 14. a4 Rd8
15. axb5 axb5 16. d5 O-O 17. Ra6 Ra8 18. Qa1 Rxa6 19. Qxa6 Nf4 20. dxc6 Bc8
21. Qxb5 Nxg2 22. Nxg2 Qxf3 23. Qe2 Qf6 24. Qe3 Bc7 25. Ba3 Rd8 26. Bxc5
Qxc6 27. b4 Ba6 28. Qg5 Re8 29. Re3 Qd7 30. h4 Re6 31. Rg3 f6 32. Qg4 Qf7
33. Ne3 h5 34. Qd1 Bc8 35. Nf5 1-0

[Event "XVI Carlos Torre Mem"]
[Site "Merida MEX"]
[Date "2003.12.16"]
[Round "5"]
[White "Escobedo Tinajero,A"]
[Black "Gonzalez Garcia,J"]
[Result "1/2-1/2"]
[WhiteElo "2366"]
[BlackElo "2449"]
[EventDate "2003.12.12"]

1. d4 Nf6 2. c4 e6 3. Nc3 Bb4 4. Qc2 O-O 5. a3 Bxc3+ 6. Qxc3 b6 7. Bg5 Ba6
8. e3 d6 9. Nf3 Nbd7 10. Bd3 h6 11. Bh4 c5 12. O-O Rc8 13. b3 cxd4 14. exd4
b5 15. Qb4 bxc4 16. Bxc4 Bxc4 17. bxc4 Qc7 18. Bxf6 Nxf6 19. Rac1 Nd7
1/2-1/2

[Event "XVI Carlos Torre Mem"]
[Site "Merida MEX"]
[Date "2003.12.16"]
[Round "5"]
[White "Hernandez,G MEX"]
[Black "Aldama,D"]
[Result "0-1"]
[WhiteElo "2311"]
[BlackElo "2447"]
[EventDate "2003.12.12"]

1. e4 c5 2. c3 g6 3. d4 cxd4 4. cxd4 d5 5. exd5 Nf6 6. Nc3 Bg7 7. Be2 Nxd5
8. Nf3 O-O 9. Qb3 Nb6 10. Bg5 h6 11. Bh4 Be6 12. Qa3 Nc6 13. O-O a5 14.
Rfd1 Nb4 15. Rac1 Nc4 16. Bxc4 Bxc4 17. Ne5 Rc8 18. Nxc4 Rxc4 19. Ne2 Qd5
20. Bxe7 Re8 21. Nc3 Qf5 22. Bxb4 axb4 23. Qa4 Qc8 24. Re1 Rxe1+ 25. Rxe1
bxc3 26. Re8+ Kh7 0-1